Handbook of multivariat experimental psychology (Record no. 112639)

MARC details
000 -LEADER
fixed length control field 00831nam a2200277Ia 4500
003 - CONTROL NUMBER IDENTIFIER
control field OSt
005 - DATE AND TIME OF LATEST TRANSACTION
control field 20220918110414.0
008 - FIXED-LENGTH DATA ELEMENTS--GENERAL INFORMATION
fixed length control field 220915b |||||||| |||| 00| 0 eng d
037 ## - SOURCE OF ACQUISITION
Terms of availability Reference Collections
040 ## - CATALOGING SOURCE
Original cataloging agency ARTS
Transcribing agency ARTS
Language of cataloging eng
041 ## - LANGUAGE CODE
Source of code eng
Language code of text/sound track or separate title eng
100 ## - MAIN ENTRY--PERSONAL NAME
Personal name Nesselroade John R
9 (RLIN) 7591
245 #0 - TITLE STATEMENT
Title Handbook of multivariat experimental psychology
250 ## - EDITION STATEMENT
Edition statement 2nd
260 ## - PUBLICATION, DISTRIBUTION, ETC.
Place of publication, distribution, etc. New York
Name of publisher, distributor, etc. Plenum Press
Date of publication, distribution, etc. 1988
300 ## - PHYSICAL DESCRIPTION
Extent xviii, 966p
500 ## - GENERAL NOTE
General note Included References; Included Index.
650 ## - SUBJECT ADDED ENTRY--TOPICAL TERM
Topical term or geographic name entry element PYSCHOLOGY - EXPERIMENTAL METHODS
700 ## - ADDED ENTRY--PERSONAL NAME
Personal name Raymod B. Cattell
9 (RLIN) 7592
942 ## - ADDED ENTRY ELEMENTS (KOHA)
Classification part SM62, M8(RR)
Koha item type Reference
Holdings
Withdrawn status Lost status Damaged status Not for loan Home library Current library Date acquired Total Checkouts Full call number Barcode Date last seen Price effective from Koha item type
        Arts Library Arts Library 2022-09-18   SM62 M8(RR) AL0990207 2022-09-18 2022-09-18 Reference
Copyright @ Delhi University Library System